000 00507nam a2200169Ia 4500
005 20250508160011.0
008 008 250505s9999 xx 000 0 eng d
037 _aBooks to be hide in OPAC
040 _aFEDL
_beng
_cFEDL
041 _aeng
_2eng
084 _a379.545, PUN/O
_qFEDL
245 0 _aAnnual report of : Lawrence school, ghoragali, Punjab 1912-13
260 _aMurree
_bThe Commerial Union Press
300 _a8p.
942 _cHB
_h379.545, PUN/O
999 _c1360873
_d1360873